Intermediate Microeconomics

שמור ב:
מידע ביבליוגרפי
מחבר ראשי: Hal Varian
פורמט: ספר
יצא לאור: East West press
נושאים:
תגים: הוספת תג
אין תגיות, היה/י הראשונ/ה לתייג את הרשומה!

MARC

LEADER 00000nam a2200000Ia 4500
005 20260427112721.0
526 |b Economics 
100 |a Hal Varian 
650 |a Microeconomics 
526 |a Bachelors 
942 |c BK 
245 |a Intermediate Microeconomics 
260 |b East West press 
999 |c 106  |d 106 
952 |0 0  |1 0  |4 0  |7 0  |8 1  |a BRISTOL  |b BRISTOL  |d 2026-04-22  |l 0  |p 000020  |r 2026-04-27 11:27:21  |w 2026-04-27  |y BK